000 00442nam a22001937a 4500
003 MPLRDC
005 20220104144431.0
008 210129b ||||| |||| 00| 0 eng d
020 _a7-209-00149-2
082 _a544.7 LDL
100 _a刘达临著
245 _a性社会学
_c
250 _a初版
260 _a
_b山东人民出版社
_c1988
300 _b
490 _a社会学丛书
650 _a
942 _cBK
_o544.7 LDL
999 _c49577
_d49567